[Event "Corsica-chT"]
[Site "Ajaccio"]
[Date "2009.03.16"]
[Round "2.3"]
[White "Guyon, Pascal"]
[Black "Mencacci, Floriane"]
[Result "1-0"]
[WhiteElo "1499"]
[BlackElo "1520"]
[PlyCount "45"]
[EventDate "2009.03.15"]
[EventType "team-tourn"]
[EventRounds "9"]
[EventCountry "FRA"]
[SourceTitle "EXT 2010"]
[Source "ChessBase"]
[SourceDate "2010.11.25"]
[SourceVersion "1"]
[SourceVersionDate "2010.11.25"]
[SourceQuality "1"]
[WhiteTeam "Ajaccien CC III"]
[BlackTeam "Corsica CC (W)"]
[WhiteTeamCountry "FRA"]
[BlackTeamCountry "FRA"]

1. d4 d5 2. c4 Nf6 3. cxd5 Qxd5 4. Nc3 Qa5 5. e3 Bf5 6. Nf3 Nbd7 7. Be2 0-0-0 8. 0-0 e5 9. Bd2 Bb4 10. a3 Bxc3 11. Bxc3 Qb6 12. Rc1 Ng4 13. Nd2 h5 14. Nc4 Qc6 15. Ba5 exd4 16. exd4 Qd5 17. Bxc7 Ndf6 18. Nd6+ Kd7 19. Re1 Be6 20. Bf3 Qg5 21. Nxb7 Rc8 22. Qa4+ Ke7 23. Bd6# 1-0

[Event "FRA-ch U10 Girls"]
[Site "Calvi"]
[Date "2005.04.18"]
[Round "2"]
[White "Mencacci, Floriane"]
[Black "Aflalo, Sophie"]
[Result "0-1"]
[WhiteElo "1370"]
[BlackElo "1790"]
[PlyCount "58"]
[EventDate "2005.04.??"]
[EventType "swiss"]
[EventRounds "9"]
[EventCountry "FRA"]
[SourceTitle "EXT 2006"]
[Source "ChessBase"]
[SourceDate "2005.11.24"]
[SourceVersion "1"]
[SourceVersionDate "2005.11.24"]
[SourceQuality "1"]

1. e4 c5 2. Nf3 Nc6 3. c3 d5 4. exd5 Qxd5 5. Bb5 Bg4 6. Be2 Nf6 7. c4 Qd7 8. d3 e6 9. Bg5 0-0-0 10. h3 Bf5 11. Nc3 Be7 12. 0-0 Bxd3 13. Bxd3 Qxd3 14. Qxd3 Rxd3 15. Rfe1 h6 16. Bf4 Nh5 17. Be5 f6 18. Bh2 Nd8 19. Rad1 Rxd1 20. Rxd1 g5 21. Nb5 Nc6 22. Nd2 Rd8 23. Bc7 Rd7 24. Kf1 a6 25. Bd6 Bxd6 26. Nxd6+ Rxd6 27. g4 Nf4 28. Ke1 Nd4 29. Ne4 Nf3+ 0-1